Educación de adultos: conceptualización, investigación y diseños instruccionales
Saved in:
| Main Author: | |
|---|---|
| Format: | Book |
| Language: | Spanish |
| Published: |
Santiago
CIDE
1990
|
| Series: | Investigación pa la Acción: Estrategias de Capacitación
|
| Subjects: | |
| Tags: |
Add Tag
No Tags, Be the first to tag this record!
|
MARC
| LEADER | 00000nam a2200000 a 4500 | ||
|---|---|---|---|
| 001 | UCH4618 | ||
| 003 | CL-VaPUC | ||
| 008 | 090827e19900000CL |||||||||||||||||spa|d | ||
| 082 | 0 | 4 | |a 374 |b ARA |2 21 |
| 100 | 0 | |a Arancibia C., Violeta |e author |9 540255 | |
| 245 | 1 | 0 | |a Educación de adultos: conceptualización, investigación y diseños instruccionales |
| 300 | |a 52 p | ||
| 942 | |c BK | ||
| 945 | |d 20090827 00:00:00 |a rbrito | ||
| 260 | |a Santiago |b CIDE |c 1990 | ||
| 650 | 0 | |a Educación de adultos |9 307580 | |
| 650 | 0 | |a Métodos de enseñanza |9 270413 | |
| 650 | 0 | |a Aprendizaje |9 254827 | |
| 650 | 0 | |a Evaluación de la educación |9 237505 | |
| 583 | |a last modification |c 20090827 00:00:00 |k Rodrigo Vera | ||
| 490 | 0 | |a Investigación pa la Acción: Estrategias de Capacitación | |
| 999 | |c 335893 |d 335891 | ||
| 952 | |0 0 |1 0 |4 0 |6 374_000000000000000_ARA_1990 |7 0 |8 P |9 426725 |a BIBEDU |b BIBEDU |c BIBEDU_PB |d 2019-11-22 |i 4594649 |o 374 ARA 1990 |p 4594649 |r 2024-01-25 |w 2019-11-22 |y BK |k BME | ||